00585nam a22001457a 4500003000500000038001800005082000800023100001700031245019900048264003300247300002500280650003900305700003700344856005800381NUST aNusrat Nadeem a200 aAmir, Zainab aFostering Green Creativity in the Manufacturing Sector of Pakistan: Unraveling the Nexus of Green Employee Empowerment, Psychological Green Climate, and Employee Green Commitment/cZainab Amir,  aIslamabad;bNBS NUST;c2024. a107,p;bill;c30,cm. aMS- Management and Human Resource  aSupervisor: Dr. Mehwish Iftikhar u http://10.250.8.41:8080/xmlui/handle/123456789/45222